Statistics for 「一回だけ使用されている文字」中国四国編 平成の大合併前版

Click here to take the quiz!

General Stats

  • This quiz has been taken 21 times
  • The average score is 21 of 33

Answer Stats

文字県名解答欄% Correct
廿広島県廿日市市
100%
山口県美祢市
94%
広島県因島市
94%
山口県防府市
89%
香川県観音寺市
83%
広島県加計町
83%
岡山県落合町
83%
徳島県貞光町
78%
香川県詫間町
78%
岡山県牛窓町
72%
岡山県建部町
72%
島根県匹見町
72%
鳥取県赤碕町
72%
岡山県英田町
67%
徳島県宍喰町
67%
広島県甲奴町
61%
徳島県藍住町
61%
愛媛県肱川町
61%
梼(檮)高知県檮原町(梼原町)
61%
岡山県柵原町
61%
島根県知夫村
61%
愛媛県弓削町
56%
島根県五箇村
56%
山口県周東町
50%
愛媛県三瓶町
50%
広島県筒賀村
50%
広島県沼隈町
44%
島根県多伎町
44%
岡山県北房町
44%
岡山県有漢町
44%
広島県総領町
33%
岡山県上齋原村
33%
香川県庵治町
33%

Score Distribution

Percentile by Number Answered

Percent of People with Each Score

Your Score History

You have not taken this quiz